Tom Hanks in Peril Quiz Stats

 Plays Quiz Updated Jul 9, 2018

Score 0/20 Timer 06:00
1 Play Today
% Correct
Apollo 13
96.4%
Toy Story 2
92.8%
Saving Private Ryan
92.1%
Cast Away
90%
A League of Their Own
86.6%
Captain Phillips
84.7%
The Da Vinci Code
82.8%
Forrest Gump
74.6%
Sully
72%
Big
70.6%
% Correct
Splash
57.6%
The Green Mile
56%
The Money Pit
51.2%
Bridge of Spies
47.9%
Joe vs. The Volcano
40.9%
The 'Burbs
33.2%
Dragnet
31.4%
Bachelor Party
29.1%
Volunteers
18.3%
The Man with One Red Shoe
13%

You're not logged in!

Compare scores with friends on all Sporcle quizzes.
OR
Log In

Show Comments

Extras

Top Quizzes Today


Score Distribution

Your Account Isn't Verified!

In order to create a playlist on Sporcle, you need to verify the email address you used during registration. Go to your Sporcle Settings to finish the process.

Report this User

Report this user for behavior that violates our Community Guidelines.

Details: